000 00582nam a22001937a 4500
005 20251108164353.0
008 250721s1986 xx 000 0 ara d
082 1 4 _a411.52/نحو
100 1 _aالنحوي، أبو محمد سعيد بن المبارك إبن الدهان
245 1 0 _aباب الهجاء /
264 1 _aبيروت :
_bمؤسسة الرسالة،
_c1986.
300 _a64ص
650 1 7 _aاللغة العربية
650 1 7 _aالتهجئة
650 1 7 _aاللفظ
700 1 _aفارس، فائز
_eتحقيق
942 _2ddc
_cBK
999 _c10480
_d10480